000 00430nam a22001817a 4500
005 20180720153603.0
008 160618b xxu||||| |||| 00| 0 eng d
020 _a978-0-07-007804-8
041 _aeng
082 _b8249
_a658.3
100 _aMcshane, Steven and others
_92264
245 _aOrganisational behaviour
250 _a4th ed.
260 _bTMH
_c2009
300 _a600p,
650 _aManagement
_9241
942 _cBK
999 _c3169
_d3168